Derivatives of hydrazine and other hydronitrogens having N-N bonds /

Bibliographic Details
Main Author: Smith, Peter Alan Somervail, 1920-
Format: Book
Language:English
Published: Reading, Mass. : Benjamin/Cummings Pub. Co., Advanced Book Program, 1983.
Subjects:

MARC

Tag First Indicator Second Indicator Subfields
LEADER 00000pam a2200000 a 4500
001 in00000472575
005 20151012171856.0
008 820831s1983 maua b 00110 eng
010 |a  82017735  
020 |a 0805389024 
035 |a (OCoLC)08785254 
035 |9 ACA1089AM 
039 0 |a 2  |b 3  |c 3  |d 3  |e 3 
040 |a DLC  |c DLC  |d TXA  |d UtOrBLW 
049 |a TXAM  |c [953002] 
050 0 0 |a QD305 A8  |b  S57 1983 
082 0 |a 547/.44  |2 19 
100 1 |a Smith, Peter Alan Somervail,  |d 1920- 
245 1 0 |a Derivatives of hydrazine and other hydronitrogens having N-N bonds /  |c Peter A.S. Smith. 
264 1 |a Reading, Mass. :  |b Benjamin/Cummings Pub. Co., Advanced Book Program,  |c 1983. 
300 |a xii, 335 pages :  |b illustrations ;  |c 24 cm. 
336 |a text  |b txt  |2 rdacontent 
337 |a unmediated  |b n  |2 rdamedia 
338 |a volume  |b nc  |2 rdacarrier 
500 |a "Part of a trilogy that comprises the second edition of Open-chain organic nitrogen compounds"--p. opp. title page. 
504 |a Includes bibliographical references and index. 
650 0 |a Hydrazines. 
650 0 |a Organonitrogen compounds. 
700 1 |a Smith, Peter Alan Somervail,  |d 1920-  |t Chemistry of open-chain organic nitrogen compounds. 
999 |a MARS 
999 f f |s 404d588a-e643-3f33-85be-9379f0e5b816  |i 0c44afce-2ad9-3968-b393-361a7e050805  |t 0 
952 f f |p ric  |a Texas A&M University  |b Rellis Campus  |c Joint Library Facility  |d Remote Storage  |t 0  |e QD305 A8 S57 1983  |h Library of Congress classification  |i unmediated -- volume  |m A14806475145 
998 f f |a QD305 A8 S57 1983  |t 0  |l Remote Storage